| 000 | 00440nam a22001337a 4500 | ||
|---|---|---|---|
| 008 | 111103s2000 ua|||||r|||| 000 j ara d | ||
| 082 |
_222 _a320.54 _bا ل ل |
||
| 245 |
_aالوطنية المصرية / _cأحمد عبد الله |
||
| 260 |
_aالقاهرة : _bميريت للنشر والمعلومات ، 2000 _c2000 |
||
| 300 |
_a210 ص ؛ _c18 سم |
||
| 650 |
_927716 _aالوطنية |
||
| 653 |
_bAra _cNovember2011 |
||
| 942 |
_2ddc _cBB |
||
| 999 |
_c16193 _d16193 |
||